Oef commodity price monitor

Bibliographic Details
Format: Unknown
Language:English
Published: Nueva York, NY : Oxford Economics Ltd
Subjects:
Online Access:Acceso restringido

MARC

LEADER 00000ny a22000003n 4500
005 20110513143135.0
008 101020c199u9999xxuun p 0 a0eng d
035 |a 5127 
040 |a BUS  |d vLex 
090 |c 1903  |d 1903 
245 3 0 |a Oef commodity price monitor  |h [Recurso electrn̤ico] 
256 |a Servicio en ln̕ea 
260 |a Nueva York, NY :  |b Oxford Economics Ltd 
650 0 4 |a Economa̕  |x Publicaciones perid̤icas 
740 0 |a vLex Revista (Servicios en ln̕ea) 
843 |a Electrn̤ica. Abierta 
853 |8 1  |i (year)  |j (month)  |k (day) 
856 4 0 |z Acceso restringido  |u http://vlex.com/account/login_ip?fuente_id=5127 
942 |c REV